Business Continuity Management (Record no. 106068)

MARC details
000 -LEADER
fixed length control field 01221cam a2200241 4500
001 - CONTROL NUMBER
control field ##L135453
008 - FIXED-LENGTH DATA ELEMENTS--GENERAL INFORMATION
fixed length control field 061026n2006 000 0 eng u
020 ## - INTERNATIONAL STANDARD BOOK NUMBER
International Standard Book Number 0859464458
035 ## - SYSTEM CONTROL NUMBER
System control number (Sirsi) u135453
041 0# - LANGUAGE CODE
Language code of text/sound track or separate title eng
050 04 - LIBRARY OF CONGRESS CALL NUMBER
Classification number 658.2 $2 18
100 1# - MAIN ENTRY--PERSONAL NAME
Personal name Woodman, Patrick
245 00 - TITLE STATEMENT
Title Business Continuity Management
260 3# - PUBLICATION, DISTRIBUTION, ETC.
Place of publication, distribution, etc. London
Name of publisher, distributor, etc. Chartered Management Institute
Date of publication, distribution, etc. 2006
505 1# - FORMATTED CONTENTS NOTE
Formatted contents note The extent of business continuity management -- Disruptions: perceptions and experiences -- Good practice in business continuity management -- Managing business continuity
520 ## - SUMMARY, ETC.
Summary, etc. Seventh report on Business Continuity Management since 1999 reveals that many UK organisations are failing to prepare for disruption, despite evidence outlining the business benefits of continuity planning. Highlights the impact of specific disasters during the past year, and explores the extent of preparations for a potential influenza pandemic.
590 ## - LOCAL NOTE (RLIN)
Local note IKA311006
650 24 - SUBJECT ADDED ENTRY--TOPICAL TERM
Topical term or geographic name entry element CMI BUSINESS CONTINUITY MANAGEMENT REPORT
651 #4 - SUBJECT ADDED ENTRY--GEOGRAPHIC NAME
Geographic name United Kingdom
690 ## - LOCAL SUBJECT ADDED ENTRY--TOPICAL TERM (OCLC, RLIN)
Topical term or geographic name as entry element MANAGEMENT-BUSINESS MANAGEMENT
856 40 - ELECTRONIC LOCATION AND ACCESS
Uniform Resource Identifier <a href="https://www.managers.org.uk/">https://www.managers.org.uk/</a>
Public note View the item free of charge at http://www.managers.org.uk...
942 ## - ADDED ENTRY ELEMENTS (KOHA)
Suppress in OPAC 0
Holdings
Withdrawn status Lost status Source of classification or shelving scheme Damaged status Not for loan Home library Current library Shelving location Date acquired Total Checkouts Full call number Barcode Date last seen Copy number Price effective from Koha item type
    Dewey Decimal Classification     Virtual Virtual Online 26/10/2006   ONLINE PUBLICATTION 135453-1001 06/08/2019 1 06/08/2019 Book